00353pab a2200133 454500008004000000100002200040245004800062260000900110300001400119362001000133650002500143650001700168773003400185180718b2003 xxu||||| |||| 00| 0 eng d aBanerjee, Sumanta aHuman rights in India in the global context c2003 ap.424-25. a1 Feb aHuman rights - India aHuman rights aEconomic and Political Weekly